000 00593nam a22001695i 4500
001 165905
003 ES-MaACL
005 20230906213228.0
008 141027s2010 sp |||| | spa d
100 1 _aLluís y Navas, Jaime.
_972976
245 1 3 _aLa relación entre la política prevencionista y los sistemas de representación de los trabajadores /
_cJaime Lluís y Navas.
260 _aBarcelona :
_b[s.n.],
_c2010.
300 _a21 p. ;
_c21 cm.
650 4 _aRepresentantes sindicales.
_9155775
650 _aParticipación de los trabajadores.
_915852
852 _aES-MaACL
_j1763-F-20
999 _c165905
_d165905